000 00494nam a2200193 a 4500
001 1900
003 CO-ViMGA
008 141112s2004 ck r 000 u spa d
040 _aCO-ViMGA
_bspa
_cCO-ViMGA
082 0 4 _a370.1 R637
100 1 _aRousseau, Juan Jacobo
_950481
245 1 0 _aEmilio :
_bo de la educación
250 _a11a
260 _aMexico :
_bPorrúa,
_c1993
300 _a385 p
490 _aSepan cuantos, 159
650 1 4 _aeducación - FILOSOFIA
_950482
942 _2ddc
_cBK
999 _c14052
_d14052